| 000 | 00866cam a22002897a 4500 | ||
|---|---|---|---|
| 003 | CHAP | ||
| 005 | 20220329134519.0 | ||
| 008 | 971013s1974 r 00010 d | ||
| 010 | _a21437 | ||
| 011 | _a22409 | ||
| 035 | _a26504 | ||
| 040 | _cCHAP | ||
| 082 |
_a636.32 _bC5 |
||
| 100 | 0 | 0 |
_aClark, James L. _923621 |
| 245 | 1 | 4 | _aThe Great Arc of the wild sheep |
| 260 |
_aNorman : _bUniv. of Oklahoma, _c1974 |
||
| 300 | _a247 p. | ||
| 590 |
_aBATCH-UPD _b10 _c20130109 _lUCH01 _h2328 |
||
| 590 |
_aBATCH-UPD _b10 _c20130110 _lUCH01 _h2224 |
||
| 590 |
_aBATCH-UPD _b10 _c20130409 _lUCH01 _h1853 |
||
| 590 |
_aBATCH-UPD _b10 _c20130914 _lUCH01 _h0659 |
||
| 590 |
_aCONVERSION _b10 _c20130109 _lUCH01 _h1313 |
||
| 650 | 1 | 4 |
_aBorrego CimarrĂ³n. _913934 |
| 901 | _aBK | ||
| 942 | _cLIBRO | ||
| 949 |
_a636.32 C5 _bBC _cLIBRO _d33724000145629 _eLIBRO _h41035 _i26504 _mD _si _t258.70 |
||
| 999 |
_c21437 _d21437 |
||